| 000 | 01403cam a22002295a 4500 | ||
|---|---|---|---|
| 001 | L138564 | ||
| 008 | 070621e20070619xxk f f000 0 eng d | ||
| 035 | _a(Sirsi) u138564 | ||
| 041 | 0 | _aeng | |
| 050 | 0 | 4 | _a306.11 $2 18 |
| 100 | 1 | _aCave, Martin | |
| 240 | 1 | 4 | _aThe Cave review of social housing regulation |
| 245 | 0 | 0 |
_aEvery tenant matters _ba review of social housing regulation _h[electronic resource] |
| 260 |
_aLondon _bDCLG _c2007 |
||
| 520 | _aReports on the review of social housing regulation commissioned by the Department for Communities and Local Government and led by Professor Martin Cave. Considers the need for regulation and the shortcomings of the current system. Recommends the creation of a statutory regulatory body, independent from government. It should empower and protect tenants while ensuring a continuing housing supply with choice of provider at all levels. It should implement a registration framework for providers. Recommendations are made to both the Secretary of State and to the regulator as to its operation and powers. | ||
| 590 | _aKA NTK | ||
| 650 | 2 | 4 |
_aAffordable housing _96215 |
| 651 | 4 |
_aUnited Kingdom _y |
|
| 690 | _aPROPERTY-RESIDENTIAL PROPERTY-RESIDENTIAL PROPERTY TENURE-LEASEHOLD RESIDENTIAL PROPERTY | ||
| 856 | 4 | 0 |
_uhttps://www.communities.gov.uk/index.asp?id=1511391 _zView the item free of charge at www.communities.gov.uk... |
| 942 | _n0 | ||
| 999 |
_c107203 _d107203 |
||